CIB (Record no. 119996)
[ view plain ]
| 000 -LEADER | |
|---|---|
| fixed length control field | 00905cam a2200169 4500 |
| 001 - CONTROL NUMBER | |
| control field | WS116477 |
| 008 - FIXED-LENGTH DATA ELEMENTS--GENERAL INFORMATION | |
| fixed length control field | 020125n2011 000 0 eng u |
| 035 ## - SYSTEM CONTROL NUMBER | |
| System control number | (Sirsi) u116477 |
| 110 ## - MAIN ENTRY--CORPORATE NAME | |
| Corporate name or jurisdiction name as entry element | International Council for Research and Innovation in Building and Construction |
| 9 (RLIN) | 4189 |
| 245 ## - TITLE STATEMENT | |
| Title | CIB |
| Remainder of title | International Council for Research and Innovation in Building and Construction |
| Medium | [electronic resource] |
| 520 ## - SUMMARY, ETC. | |
| Summary, etc. | Website for CIB whose purpose is to provide a global network for international exchange and cooperation in research and innovation in building and construction in support of an improved building process and of improved performance of the built environment. |
| 650 ## - SUBJECT ADDED ENTRY--TOPICAL TERM | |
| Topical term or geographic name entry element | ORGANISATION |
| 650 ## - SUBJECT ADDED ENTRY--TOPICAL TERM | |
| Topical term or geographic name entry element | INTERNATIONAL |
| 690 ## - LOCAL SUBJECT ADDED ENTRY--TOPICAL TERM (OCLC, RLIN) | |
| Topical term or geographic name as entry element | BUILT ENVIRONMENT-CONSTRUCTION MARKET |
| 856 40 - ELECTRONIC LOCATION AND ACCESS | |
| Uniform Resource Identifier | <a href="https://www.cibworld.nl/site/home/index.html">https://www.cibworld.nl/site/home/index.html</a> |
| Public note | View the website free of charge at www.cibworld.nl |
| 942 ## - ADDED ENTRY ELEMENTS (KOHA) | |
| Suppress in OPAC | 0 |
| Withdrawn status | Lost status | Source of classification or shelving scheme | Damaged status | Not for loan | Home library | Current library | Shelving location | Date acquired | Total Checkouts | Full call number | Barcode | Date last seen | Copy number | Price effective from | Koha item type |
|---|---|---|---|---|---|---|---|---|---|---|---|---|---|---|---|
| Dewey Decimal Classification | Virtual | Virtual | Online | 25/01/2002 | WEB SITE | 116477-2001 | 06/08/2019 | 1 | 06/08/2019 | Online material |